Denizli (Record no. 2062)

MARC details
000 -BAŞLIK
Sabit Uzunlukta Kontrol Alanı 00787na a2200265 4500
001 - KONTROL NUMARASI
Denetim Alanı 16507
003 - KONTROL NUMARASI IDENTIFIER
Denetim Alanı MIRAKIL
005 - SON İŞLEM TARİHİ VE ZAMANI
Denetim Alanı 20181213154844.0
008 - SABİT-BOY VERİ ELEMANLARI - GENEL BİLGİLER
Sabit Uzunlukta Kontrol Alanı 161012b tu 000 0
020 ## - ULUSLARARASI STANDART KİTAP NUMARASI
Uluslararası Standart Kitap Numarası 9789757450122
040 ## - KATALOGLAMA KAYNAK
Orijinal Kataloglama Ajansı Milas
Kataloglama Dili tur
Metne Dönüştürmek Ajansı TR-AnCHP
041 ## - DİL KODU
Metin / Ses Parça Veya Ayrı Başlığın Dil Kodu tur
-- eng
082 ## - DEWEY ONLU SINIFLANDIRMA NUMARASI
Sınıflandırma Numarası 915.6215
Ürün Numarası K65d 2013
090 ## - SINIFLAMA NUMARASI
Sınıflama Numarası 915.6215 K65d 2013
100 ## - ANA GİRİŞ - KİŞİSEL İSİM
Kişisel Ad Konyar, Hümeyra Özalp
245 ## - BAŞLIK TABLOSU
Başlık Denizli
Sorumluluk Tablosu, Vb fotğ. Rasim Konyar ; çeviri Turgut Arıkan
260 ## - YAYIN, DAĞITIM, VB
Yayın, Dağıtım, Vb Yeri İstanbul
Yayıncı, Dağıtıcı, Vs Adı TÜRSAB Kültür yayınları
Yayın, Dağıtım, Vb Tarihi 2013
300 ## - FİZİKSEL TANIM
Kapsam 294 s.
Diğer Fiziksel Ayrıntıları fotg. ; hrt.
Boyutlar 30 sm.
500 ## - GENEL NOT
Genel Not Metinler Türkçe-İngilizce karşılıklıdır.
651 ## - KONU KATMA GİRİŞ - COĞRAFİ ADI
Coğrafi İsim Denizli
Genel Alt Bölümü Fotoğraflar
651 ## - KONU KATMA GİRİŞ - COĞRAFİ ADI
Coğrafi İsim Denizli
Genel Alt Bölümü Gezi ve tanıtım
700 ## - KATMA GİRİŞ - KİŞİSEL İSİM
Kişisel Ad Arıkan, Turgut
700 ## - KATMA GİRİŞ - KİŞİSEL İSİM
Kişisel Ad Konyar, Rasim
942 ## - EKLENDİ GİRİŞ ELEMANLARI (KOHA)
Sınıflandırma Veya Raf Düzeni Kaynak Dewey Decimal Classification
Koha Öğesi Türü Books
999 ## - SİSTEM KONTROL NUMARALARI (KOHA)
Koha Biblionumber 2062
Koha Biblioitemnumber 2062
Holdings
Kalıcı Konum Mevcut Konum Edinme Tarihi Edinim Kaynak Toplam Check-Out'Lar Tam Çağrı Numarası Barkod Tarih Son Görülme İtibaren Geçerli Fiyatlar Koha Öğesi Türü
CHP Kütüphanesi CHP Kütüphanesi 10/07/2016 Bağış   915.6215 K65d 2013 006526 10/07/2016 10/07/2016 Books